Сучасний словник : (رقم التسجيلة. 180328)

تفاصيل مارك
000 -LEADER
fixed length control field 01275nam a22003377a 4500
003 - CONTROL NUMBER IDENTIFIER
control field EG-GICUC
005 - DATE AND TIME OF LATEST TRANSACTION
control field 20260601143754.0
008 - FIXED-LENGTH DATA ELEMENTS--GENERAL INFORMATION
fixed length control field 260601s2018 ukr||||gr|||d 00| 0 urk d
020 ## - INTERNATIONAL STANDARD BOOK NUMBER
International Standard Book Number 9786177310272
020 ## - INTERNATIONAL STANDARD BOOK NUMBER
International Standard Book Number 9786177310296
040 ## - CATALOGING SOURCE
Original cataloging agency EG-GiCUC
Language of cataloging ara
Transcribing agency EG-GiCUC
Modifying agency EG-GiCUC
Description conventions rda
082 04 - DEWEY DECIMAL CLASSIFICATION NUMBER
Edition number 21
Classification number 491.7931
Item number S9413
092 04 - LOCALLY ASSIGNED DEWEY CALL NUMBER (OCLC)
Edition number 21
Classification number 491.7931
Item number S9413
099 ## - LOCAL FREE-TEXT CALL NUMBER (OCLC)
Classification number 491.7931 S9413
100 1# - MAIN ENTRY--PERSONAL NAME
Personal name Ṣubḥ, ʻAlī
Relator term Author.
245 10 - TITLE STATEMENT
Title Сучасний словник :
Remainder of title Yкраїнська - Aрабська : близько 12500 слів /
Statement of responsibility, etc. Алі Субх, Юрій Кочигінський.
246 31 - VARYING FORM OF TITLE
Title proper/short title القاموس العصري :
Remainder of title أوكراني - عربي : حوالي 12500 كلمة / المصنفان علي صبح، يوري كوتشيرجينسكي.
264 ## - PRODUCTION, PUBLICATION, DISTRIBUTION, MANUFACTURE, AND COPYRIGHT NOTICE
Place of production, publication, distribution, manufacture Київ :
Date of production, publication, distribution, manufacture, or copyright notice 2018.
300 ## - PHYSICAL DESCRIPTION
Extent 191 pages ;
Dimensions 21 cm
336 ## - CONTENT TYPE
Source rdacontent
Content type term text
337 ## - MEDIA TYPE
Source rdamedia
Media type term Unmediated
338 ## - CARRIER TYPE
Source rdacarrier
Carrier type term volume
490 ## - SERIES STATEMENT
Series statement Серія Сахід
504 ## - BIBLIOGRAPHY, ETC. NOTE
Bibliography, etc. note .
541 ## - IMMEDIATE SOURCE OF ACQUISITION NOTE
Source of acquisition سفارة اوكرانيا ؛
Address القاهرة ؛
Method of acquisition إهداء ؛
Date of acquisition 2026.
650 1# - SUBJECT ADDED ENTRY--TOPICAL TERM
Topical term or geographic name entry element Ukrainian language
Form subdivision Dictionaries
General subdivision Arabic.
Source of heading or term qrmak
651 1# - SUBJECT ADDED ENTRY--GEOGRAPHIC NAME
Source of heading or term qrmak
700 1# - ADDED ENTRY--PERSONAL NAME
Personal name Kotschigenski, Yuri
Relator term Author.
905 ## - Cataloger and Reviser Names
Cataloger Name Asmaa
942 ## - ADDED ENTRY ELEMENTS (KOHA)
Source of classification or shelving scheme Dewey Decimal Classification
Koha item type Reference
Edition 21
Suppress in OPAC No
المقتنيات
Withdrawn status Lost status Source of classification or shelving scheme Damaged status Not for loan Home library Current library Date acquired Inventory number Total checkouts Full call number Barcode Date last seen Price effective from Koha item type
    Dewey Decimal Classification   Not for loan المكتبة المركزبة الجديدة - جامعة القاهرة قاعة الثقاقات الاجنبية - الدور الثالث 01.06.2026 206836   491.7931 S9413 Ref. Ukr. 01000110206836000 01.06.2026 01.06.2026 Reference
Cairo University Libraries Portal Implemented & Customized by: Eng. M. Mohamady Contacts: new-lib@cl.cu.edu.eg | cnul@cl.cu.edu.eg
CUCL logo CNUL logo
© All rights reserved — Cairo University Libraries
CUCL logo
Implemented & Customized by: Eng. M. Mohamady Contact: new-lib@cl.cu.edu.eg © All rights reserved — New Central Library
CNUL logo
Implemented & Customized by: Eng. M. Mohamady Contact: cnul@cl.cu.edu.eg © All rights reserved — Cairo National University Library